|
|
|
|
| LEADER |
00000nam0a2200000 4500 |
| 001 |
139612 |
| 005 |
20231031141816.0 |
| 010 |
|
|
|a 9785845912398
|
| 035 |
|
|
|a (RuTPU)RU\TPU\book\151243
|
| 090 |
|
|
|a 139612
|
| 100 |
|
|
|a 20080609d2008 m y0rusy50 ca
|
| 101 |
1 |
|
|a rus
|c eng
|
| 102 |
|
|
|a RU
|
| 105 |
|
|
|a a z 001zy
|
| 200 |
1 |
|
|a Microsoft Office Access 2007 для "чайников"
|e пер. с англ.
|f Л. У. Фуллер, К. Кук, Дж. Кауфельд
|
| 210 |
|
|
|a Москва
|c Диалектика
|d 2008
|
| 215 |
|
|
|a 384 с.
|c ил.
|
| 333 |
|
|
|a Исключено из фонда НТБ ТПУ
|
| 700 |
|
1 |
|a Фуллер
|b Л. У.
|g Лори Ульрих
|
| 701 |
|
1 |
|a Кук
|b К.
|g Кен
|
| 701 |
|
1 |
|a Кауфельд
|b Дж.
|g Джон
|
| 801 |
|
1 |
|a RU
|b 63413507
|c 20080609
|g PSBO
|
| 801 |
|
2 |
|a RU
|b 63413507
|c 20210930
|g PSBO
|
| 942 |
|
|
|c BK
|